000 01119nam a2200229Ia 4500
003 PE SENCICO BE
005 20251020182546.0
008 200515s9999 xx 000 0 und d
020 _a84-8076-279-9
040 _aPE SENCICO BE
_cPE SENCICO BE
082 _a747:729.81
_bL32
100 1 _aLazenby, Gina
_924
240 _aThe feng shui house book
_lEspañol
245 1 0 _aEl Feng Shui en la decoración :
_bun nuevo concepto en el diseño de interiores /
_cGina Lazenby ; prólogo de William Spear ; [traducción, Remedios Diéguez Diéguez].
260 _aMadrid:
_bLeopoldo Blume,
_c1998
300 _a160 p.:
_bil. col., diagrs.,
_c28 cm.
520 _aAplicando los principios del Feng Shui en su hogar podrá reavivar una relación carente de entusiasmo, prosperar en el trabajo, mejorar la salud e incluso contrarrestar la falta de suerte. Mediante la ilustración y el estudio de casos únicos que muestran e
650 1 0 _aDecoración de interiores
_925
700 1 _926
_aSpear, William
700 1 _927
_aDiéguez Diéguez, Remedios
942 _cLIB
_2ddc
_h747:729.81
_iL32
999 _c2573
_d2573